Statistiques concernant Générique Capitaine Flam - Paroles

Cliquez ici pour prendre le quiz!

Statistiques générales

  • Ce quiz a été pris 39 fois
  • Le résultat moyen est 11 sur 31

Statistiques - réponses

Paroles% Correct
A des années et des {années}-{lumières} de la Terre
83%
{Capitaine} Flam
80%
Au fin fond de l'{univers}
77%
Capitaine Flam tu {n}'{es} {pas}
71%
De notre {galaxie}
60%
Le Capitaine {Flam}
60%
Capitaine {Flam}
57%
Capitaine Flam tu {n}'{es} {pas}
51%
Mais du fond de {la} {nuit}
51%
De notre {voie} {lactée}
43%
D'aussi loin que {l}'{infini}
37%
{Cent} {mille} millions d'années
34%
Il y a {aussi}
34%
Les gens de {Mégara}
34%
Mais tu as {traversé}
34%
Pour sauver tous {les} {hommes}
34%
Tu {descends} jusqu'ici
31%
Pour sauver de ton {bras}
29%
Tu {vois}
29%
Quand il ne reste plus {aucun} {espoir}
26%
Qui ne te {quittent} pas
23%
Ta douce amie {Johan}
23%
Capitaine Flam oui {c}'{est} {toi}
20%
Un jour qui {sauvera} tous ceux
20%
Fregolo et {Mala}
17%
Ton petit copain {Ken}
17%
Il y a dans ton {Cyberlab}
14%
Quand il n'est plus capable de trouver une solution {à} {ses} {problèmes}
14%
De {Mégara}
11%
Veille celui que le {gouvernement} {intersidéral} appelle
11%
Et dans ton {Cosmolem}
3%

Distribution des résultats

Percentile par nombre de réponses

% des personnes avec chaque résultat

Votre développement - résultats

Vous n’avez pas pris ce quiz